000 01005nam a2200265Ia 4500
003 OSt
005 20220923211219.0
006 a|||||r|||| 00| 0
007 ta
008 220922b |||||||| |||| 00| 0 hin d
020 _a9788126719709 (hbk)
_c500
024 _a285,343
037 _bBR8588, 30/03/2015, Rajkamal Prakashan Pvt. Ltd
_cTextual
040 _aARTS
_cARTS
_bhin
041 _2hin
_ahin
082 _aNR1v, 152Q4
100 _aशर्मा, अमल कुमार दाश
_9159771
245 0 _aविश्व संगीत का इतिहास
246 _aVishva sangīt kā itihāsa
260 _aनयी दिल्ली
_b राजकमल प्रकाशन
_c2014
300 _a334पृ.
_ccm.
650 _aल्थ्ल्त् क्ल्ज्ञ
_9156276
942 _hNR1v, 152Q4
_cTEXL
_2CC
999 _c297033
_d297033